| 000 | 00458cam a22001457a 4500 | ||
|---|---|---|---|
| 008 | 180718b1995 xxu||||| |||| 00| 0 eng d | ||
| 082 | _aAPPPA 94-95 KAI | ||
| 100 | _aKaila. V.N. | ||
| 245 |
_aEfficiency in government _cby V.N. Kaila |
||
| 260 |
_aNew Delhi _bIndian Institute of Public Administration _c1995 |
||
| 300 | _a103p. | ||
| 650 | _aAPPPA | ||
| 650 | _aPublic Administration Civil Service - Labour Productivity | ||
| 650 | _aGovernment Productivity | ||
| 999 |
_c481085 _d481085 |
||